Chinese to English (10) - Statistics

General Stats
  • This quiz has been taken 7 times
    5 since last reset
  • The average score is 8 of 15
Answer Stats
Chinese English % Correct
金魚 Goldfish
100%
Horse
100%
小貓 Cat
75%
小狗 Dog
75%
大象 Elephant
75%
小魚 Fish
75%
兔子 Rabbit
75%
小鳥 Bird
50%
猴子 Monkey
50%
螞蟻 Ant
25%
螃蟹 Crab
25%
長頸鹿 Giraffe
25%
鯊魚 Shark
25%
蜘蛛 Spider
25%
烏龜 Tortoise
25%
No matching quizzes found
Score Distribution
Percent of People with Each Score
Percentile by Number Answered
Your Score History
You have not taken this quiz since the last reset